Catálogo

Principios de investigación de operaciones / (Registro nro. 70491)

Detalles MARC
000 -LEADER
fixed length control field 01333nam a2200325 i 4500
001 - CONTROL NUMBER
control field 70491
003 - CONTROL NUMBER IDENTIFIER
control field Mx-PuUPA
005 - DATE AND TIME OF LATEST TRANSACTION
control field 20230802142417.0
008 - FIXED-LENGTH DATA ELEMENTS--GENERAL INFORMATION
fixed length control field 230802s2020 mx ad||gr|||| 00| 0 spa d
020 ## - INTERNATIONAL STANDARD BOOK NUMBER
International Standard Book Number 9786075502151
040 ## - CATALOGING SOURCE
Original cataloging agency Mx-PuUPA
Language of cataloging spa
Transcribing agency Mx-PuUPA
Modifying agency Mx-PuUPA
Description conventions rda
041 0# - LANGUAGE CODE
Language code of text/sound track or separate title spa
100 1# - MAIN ENTRY--PERSONAL NAME
Personal name Gaucin Cabello, Víctor,
9 (RLIN) 14546
Relator term autor
245 10 - TITLE STATEMENT
Title Principios de investigación de operaciones /
Statement of responsibility, etc. Víctor Gaucin Cabello, Marta Gabriela Ríos Nava, Francisco Gerardo Benavides Bravo, Ángela Gabriela Benavides Ríos
250 ## - EDITION STATEMENT
Edition statement Primera edición
264 #1 - PRODUCTION, PUBLICATION, DISTRIBUTION, MANUFACTURE, AND COPYRIGHT NOTICE
Place of production, publication, distribution, manufacture Ciudad de México :
Name of producer, publisher, distributor, manufacturer Grupo Editorial Patria,
Date of production, publication, distribution, manufacture, or copyright notice ©2020
300 ## - PHYSICAL DESCRIPTION
Extent vi, 237 páginas :
Other physical details ilustraciones, gráficas, tablas, cálculos ;
Dimensions 27 cm
336 ## - CONTENT TYPE
Fuente rdacontent
Content type term texto
Content type code txt
337 ## - MEDIA TYPE
Source rdamedia
Media type term sin medio
Media type code n
338 ## - CARRIER TYPE
Source rdacarrier
Carrier type term volumen
Carrier type code nc
650 #7 - SUBJECT ADDED ENTRY--TOPICAL TERM
Source of heading or term armarc
Topical term or geographic name entry element Investigación operacional
650 #7 - SUBJECT ADDED ENTRY--TOPICAL TERM
Source of heading or term armarc
Topical term or geographic name entry element Ingeniería industrial
700 1# - ADDED ENTRY--PERSONAL NAME
Personal name Ríos Nava, Marta Gabriela,
Relator term autor
700 1# - ADDED ENTRY--PERSONAL NAME
Personal name Benavides Bravo, Francisco Gerardo,
Relator term autor
700 1# - ADDED ENTRY--PERSONAL NAME
Personal name Benavides Ríos, Ángela Gabriela,
Relator term autor
942 ## - ADDED ENTRY ELEMENTS (KOHA)
Source of classification or shelving scheme Dewey Decimal Classification
Koha item type Libro
Classification part 658.4034
Item part G264
Existencias
Withdrawn status Lost status Source of classification or shelving scheme Damaged status Not for loan Collection code Home library Current library Shelving location Date acquired Source of acquisition Cost, normal purchase price Total Checkouts Full call number Barcode Date last seen Cost, replacement price Price effective from Koha item type
    Dewey Decimal Classification     General Biblioteca Karol Wojtyla Biblioteca Karol Wojtyla Sala general 20/07/2023 1 415.00   658.4034 G264 2020 103727 05/01/2026 415.00 20/07/2023 Libro